000
00224nmm a2200085Ia 4500
008
220120s9999||||xx |||||||||||||||||und||
100
_a
Dreamtech Press
_9
10751
245
0
_a
computer programming in C
260
_a
Dream tech
_c
2012
999
_c
139731
_d
139731